| 000 | 00557nam a22001817a 4500 | ||
|---|---|---|---|
| 999 |
_c180042 _d180042 |
||
| 005 | 20210722121800.0 | ||
| 010 | _aENG-129612 | ||
| 020 |
_a978-81-94846-80-2 _c995.00 |
||
| 035 | _aEN-113144 | ||
| 037 | _bDBAD/PUB | ||
| 082 | _a121.3 | ||
| 100 | _aDas, Kumar | ||
| 245 |
_aRationality, Reality and Relevance: _b/ _cBy Kumar Das |
||
| 260 |
_aNew Delhi _bJawahar Publishers & Distributors |
||
| 270 |
_a46, Samachar Apartment, _bMayur Vihar-I, New Delhi _e110091 |
||
| 300 |
_a291p. _c22cm(pbk) _bIndex |
||
| 942 |
_2ddc _cEN _h121.3 _mDAS |
||